Ο Σεφέρης και οι τρεις μεγάλοι ποιητές που δεν ήξεραν ελληνικά (Κάλβος-Σολωμός-Καβάφης)

Αποθηκεύτηκε σε:
Λεπτομέρειες βιβλιογραφικής εγγραφής
Κύριος συγγραφέας: Αθανασοπούλου, Αφροδίτη
Μορφή: Βιβλίο
Γλώσσα:Greek
Δημοσίευση: Αθήνα : Μεσόγειος, 2004.
Θέματα:
Ετικέτες: Προσθήκη ετικέτας
Δεν υπάρχουν, Καταχωρήστε ετικέτα πρώτοι!

MARC

LEADER 00000cam a2200000 i 4500
001 1/73077
008 080131s2004####gr | ||| |||| ||gre||
035 |l 10094309 
040 |a GR-MY-UA  |b gre  |e aacr 
041 0 |a gre 
082 0 |a 889.12   |2 (22) 
100 1 |a Αθανασοπούλου, Αφροδίτη. 
245 1 2 |a Ο Σεφέρης και οι τρεις μεγάλοι ποιητές που δεν ήξεραν ελληνικά   |h [ανάτυπο] /   |b (Κάλβος-Σολωμός-Καβάφης) /   |c Αφροδίτη Αθανασοπούλου 
260 |a Αθήνα :   |b Μεσόγειος,   |c 2004.  
300 |a 12 σ. ;   |c 21 εκ.  
600 1 0 |a Κάλβος, Ανδρέας,   |d 1792-1869. 
600 1 0 |a Σεφέρης, Γιώργος,   |d 1900-1971. 
600 1 0 |a Καβάφης, Κωνσταντίνος Π.,   |d 1863-1933. 
600 1 0 |a Σολωμός, Διονύσιος,   |d 1798-1857. 
650 0 0 |a Poets, Greek (Modern)  |x History and criticism. 
852 |a INST  |b RHODES  |e 20080131  |h 889.12 ΑΘΑ  |p 005400030114  |q 005400030114  |t BK  |y 0 
901 |a BIBL4-2008-1 
909 |a Ρ  |b 128315 
970 |a ΜΙΣΣΟΣ  |b ΣΤΑΥΡΟΣ  |z 2008-01-31